The ring of truth: (Record no. 153223)

MARC details
000 -LEADER
fixed length control field 00611nam a22001937a 4500
005 - DATE AND TIME OF LATEST TRANSACTION
control field 20180629112844.0
010 ## - LCCN (DPL NO)
LC control number ENG-123349
020 ## - INTERNATIONAL STANDARD BOOK NUMBER
Terms of availability 899.00
International Standard Book Number 9789386338860
035 ## - SYSTEM CONTROL NUMBER
System control number EN-106881
037 ## - SOURCE OF ACQUISITION
Source of stock number/acquisition DBAD/PUB
082 ## - DEWEY DECIMAL CLASSIFICATION NUMBER
Classification number 398.28
100 ## - MAIN ENTRY--PERSONAL NAME
Personal name Doniger, Wendy
245 ## - TITLE STATEMENT
Title The ring of truth:
Statement of responsibility, etc by Wendy Doniger
Remainder of title myths of sex and jewelry /
260 ## - PUBLICATION, DISTRIBUTION, ETC. (IMPRINT)
Place of publication, distribution, etc New Delhi
Name of publisher, distributor, etc Speaking Tiger Publishing
Date of publication, distribution, etc 2017
270 ## - ADDRESS
Address 4381/4, Ansari Road, Daryaganj,
City New Delhi
Postal code 110002
300 ## - PHYSICAL DESCRIPTION
Extent 397p.
Dimensions 24cm(Hb)
500 ## - GENERAL NOTE
General note It includes notes, bibliography and index
942 ## - ADDED ENTRY ELEMENTS (KOHA)
Source of classification or shelving scheme Dewey Decimal Classification
Item type English Books
Call number suffix DON
Classification part 398.28
Holdings
Withdrawn status Lost status Not for loan Collection code Home library Current library Date acquired Source of acquisition Cost, normal purchase price Full call number Barcode Copy number Cost, replacement price Koha item type
    Not For Loan Non-fiction D.B.Act.Division Central Library 29/06/2018 DBAD/PUB 899.00 398.28 DON EN-106881 1 899.00 English Books

© Delhi Public Library
Hit Counter
free hit counter